[Event "16th Asian Games Team Men"]
[Site "Guangzhou CHN"]
[Date "2010.11.19"]
[Round "2"]
[White "Al-Modiahki, Mohamad"]
[Black "Kazhgaleyev, Murtas"]
[Result "0-1"]
[WhiteTitle "GM"]
[BlackTitle "GM"]
[WhiteElo "2562"]
[BlackElo "2623"]
[WhiteTeam "QAT"]
[BlackTeam "KAZ"]
[WhiteFideId "12100030"]
[BlackFideId "13700316"]
[EventDate "2010.11.18"]

1. e4 e5 2. f4 exf4 3. Nf3 g5 4. Bc4 Bg7 5. d4 d6 6. O-O Nc6 7. c3 h6 8. Qa4 Bd7
9. Qb3 Qe7 10. Qxb7 Rb8 11. Qa6 Nf6 12. Bd5 O-O 13. Qc4 Qe8 14. Na3 Ne7 15. Qxc7
Nexd5 16. exd5 Qe4 17. Qxd6 Rfe8 18. Bd2 Rb6 19. Qc5 Bf8 20. Qa5 Rxb2 21. Nc4
Rb5 22. Qxa7 Qxd5 23. Nb6 Qc6 24. Nxd7 Nxd7 25. Qa4 Nb6 26. Qc2 Nc4 27. Qd3 Rb2
28. Rfb1 g4 29. Bxf4 gxf3 30. Rxb2 Nxb2 31. Qxf3 Qxf3 32. gxf3 Nd3 33. Bg3 Rc8
34. a4 Rxc3 35. a5 Bg7 36. Ra4 Nb2 37. Rb4 Ra3 38. Be5 Nd3 39. Rb8+ Kh7 40. Bxg7
Kxg7 41. Rb5 Kf6 42. h4 Ra2 43. Rb3 Nf4 44. Rb6+ Kg7 45. a6 Ne2+ 46. Kf2 Nxd4+
47. Ke3 Ne6 48. Rc6 Ra3+ 49. Ke4 Rxa6 0-1

[Event "16th Asian Games Team Men"]
[Site "Guangzhou CHN"]
[Date "2010.11.19"]
[Round "2"]
[White "Nezad, Husein Aziz"]
[Black "Vladimirov, Yevgeniy"]
[Result "1-0"]
[WhiteTitle "IM"]
[BlackTitle "GM"]
[WhiteElo "2402"]
[BlackElo "2623"]
[WhiteTeam "QAT"]
[BlackTeam "KAZ"]
[WhiteFideId "12100293"]
[BlackFideId "13700014"]
[EventDate "2010.11.18"]

1. d4 Nf6 2. c4 e6 3. Nc3 Bb4 4. Qc2 O-O 5. a3 Bxc3+ 6. Qxc3 b6 7. Bg5 Ba6 8. e3
d6 9. Ne2 Nbd7 10. Rd1 Qc8 11. Ng3 h6 12. Bxf6 Nxf6 13. Be2 c5 14. O-O Rd8 15.
b4 cxd4 16. Rxd4 d5 17. Rfd1 Bxc4 18. Bxc4 b5 19. e4 Qc7 20. exd5 exd5 21. Nf5
bxc4 22. Rg4 d4 23. Rxg7+ Kf8 24. Qc1 Ng8 25. Rg4 Qe5 26. Rgxd4 Rxd4 27. Nxd4
Rc8 28. Nb3 c3 29. Nc5 Qe2 30. g3 Qc4 31. Re1 Rd8 32. Re4 Rd4 33. Ne6+ fxe6 34.
Qf4+ 1-0

[Event "16th Asian Games Team Men"]
[Site "Guangzhou CHN"]
[Date "2010.11.19"]
[Round "2"]
[White "Khusnutdinov, Rustam"]
[Black "Al-Tamimi, Hamad"]
[Result "1/2-1/2"]
[WhiteTitle "GM"]
[WhiteElo "2524"]
[BlackElo "2236"]
[WhiteTeam "KAZ"]
[BlackTeam "QAT"]
[WhiteFideId "13701703"]
[BlackFideId "12100285"]
[EventDate "2010.11.18"]

1. e4 c6 2. d4 d5 3. Nd2 dxe4 4. Nxe4 Bf5 5. Ng3 Bg6 6. h4 h6 7. Nf3 Nd7 8. h5
Bh7 9. Bd3 Bxd3 10. Qxd3 e6 11. Bd2 Qc7 12. O-O-O O-O-O 13. Ne4 Ngf6 14. g3 Nxe4
15. Qxe4 Nf6 16. Qe2 Bd6 17. c4 c5 18. Kb1 cxd4 19. c5 d3 20. Qe1 Qc6 21. Nd4
Qd5 22. cxd6 Qxd4 23. Bb4 Kb8 24. Rh4 Qd5 25. Qe3 d2 26. Rxd2 Qf5+ 27. Qd3 Qxd3+
28. Rxd3 Rd7 29. a4 b6 30. a5 Kb7 31. axb6 axb6 32. Rb3 Rc8 33. Ba3 Rc6 34. Rd3
Ne8 35. Rhd4 Rc8 36. g4 Rcd8 37. f4 Nf6 38. Rg3 Ne8 39. Rgd3 Nf6 40. Rg3 Ne8 41.
Rgd3 1/2-1/2

[Event "16th Asian Games Team Men"]
[Site "Guangzhou CHN"]
[Date "2010.11.19"]
[Round "2"]
[White "Moradiabadi, Elshan"]
[Black "Nguyen, Ngoc Truong Son"]
[Result "0-1"]
[WhiteTitle "GM"]
[BlackTitle "GM"]
[WhiteElo "2575"]
[BlackElo "2628"]
[WhiteTeam "IRI"]
[BlackTeam "VIE"]
[WhiteFideId "12501255"]
[BlackFideId "12401110"]
[EventDate "2010.11.18"]

1. d4 d5 2. c4 c6 3. cxd5 cxd5 4. Bf4 Nc6 5. e3 Nf6 6. Nc3 Bf5 7. Nf3 e6 8. Qb3
Bb4 9. Ne5 Qb6 10. Nxc6 bxc6 11. Be2 Ne4 12. f3 Nxc3 13. bxc3 Be7 14. O-O O-O
15. c4 c5 16. cxd5 Qxb3 17. axb3 exd5 18. dxc5 Bxc5 19. Ra5 Bb6 20. Rxd5 Be6 21.
Rd3 Rfc8 22. Bd1 Rd8 23. Rxd8+ Rxd8 24. b4 h6 25. Re1 a5 26. b5 f6 27. Kf1 g5
28. Bg3 Kf7 29. Bf2 Rd2 30. Be2 a4 31. Ra1 Bb3 32. Be1 Rd7 33. e4 Bd4 34. Rb1
Ra7 35. Bd1 Bc4+ 36. Be2 Bxe2+ 37. Kxe2 a3 38. b6 Rb7 39. Rc1 a2 0-1

[Event "16th Asian Games Team Men"]
[Site "Guangzhou CHN"]
[Date "2010.11.19"]
[Round "2"]
[White "Cao, Sang"]
[Black "Toufighi, Homayoon"]
[Result "1-0"]
[WhiteTitle "GM"]
[BlackTitle "GM"]
[WhiteElo "2547"]
[BlackElo "2455"]
[WhiteTeam "VIE"]
[BlackTeam "IRI"]
[WhiteFideId "725056"]
[BlackFideId "12503592"]
[EventDate "2010.11.18"]

1. e4 e6 2. d4 d5 3. Nc3 Bb4 4. e5 Ne7 5. Nf3 b6 6. Bd3 Ba6 7. O-O Bxc3 8. bxc3
Qd7 9. Bxa6 Nxa6 10. a4 Qc6 11. Qd3 Nb8 12. a5 Qc4 13. axb6 cxb6 14. Qxc4 dxc4
15. Nd2 b5 16. Ne4 Nc8 17. Ba3 Kd7 18. f4 Nb6 19. f5 Nd5 20. Ng5 Nxc3 21. Nxf7
Nc6 22. Nxh8 Rxh8 23. Bc5 exf5 24. Ra6 Rc8 25. Rxf5 Ke6 26. Rf3 Ne4 27. Rf8 Rc7
28. Rd8 Kf5 29. Bd6 Nxd8 30. Bxc7 Ne6 31. g4+ 1-0

[Event "16th Asian Games Team Men"]
[Site "Guangzhou CHN"]
[Date "2010.11.19"]
[Round "2"]
[White "Abu Sufian, Shakil"]
[Black "Modallal, Tarek"]
[Result "1-0"]
[WhiteTitle "FM"]
[WhiteElo "2340"]
[BlackElo "2028"]
[WhiteTeam "BAN"]
[BlackTeam "LIB"]
[WhiteFideId "10200916"]
[BlackFideId "5300630"]
[EventDate "2010.11.18"]

1. e4 d5 2. exd5 Nf6 3. Bb5+ Nbd7 4. c4 a6 5. Ba4 b5 6. cxb5 Nxd5 7. Nc3 N5b6 8.
Bb3 e6 9. d4 Bb4 10. Nf3 h6 11. O-O Bxc3 12. bxc3 axb5 13. d5 Nc5 14. Qd4 Nxb3
15. Qxg7 Ke7 16. Be3 Qg8 17. Qe5 Nxa1 18. Bc5+ Kd7 19. dxe6+ fxe6 20. Bxb6 cxb6
21. Rd1+ Ke8 22. Qc7 Ba6 23. Qc6+ Ke7 24. Rd7+ Kf6 25. Qe4 1-0

[Event "16th Asian Games Team Men"]
[Site "Guangzhou CHN"]
[Date "2010.11.19"]
[Round "2"]
[White "Battulga, Namkhai"]
[Black "Shukuraliev, Algis"]
[Result "1/2-1/2"]
[WhiteTitle "FM"]
[WhiteElo "2428"]
[BlackElo "2376"]
[WhiteTeam "MGL"]
[BlackTeam "KGZ"]
[WhiteFideId "4900880"]
[BlackFideId "13800426"]
[EventDate "2010.11.18"]

1. e4 e5 2. Nf3 Nc6 3. Bc4 Nf6 4. d4 exd4 5. e5 d5 6. Bb5 Ne4 7. Nxd4 Bd7 8.
Bxc6 bxc6 9. O-O Bc5 10. Be3 Qe7 11. f4 O-O 12. Nd2 Nxd2 13. Qxd2 f6 14. Nb3 Bb6
15. Qc3 Rae8 16. Bc5 fxe5 17. fxe5 Bf5 18. Rae1 Be4 19. g3 h6 20. Rxf8+ Rxf8 21.
Bxb6 axb6 22. Nd2 Rf5 23. Nxe4 Rxe5 24. Nf6+ gxf6 25. Rxe5 Qxe5 26. Qxc6 Qe1+ 1/2-1/2

[Event "16th Asian Games Team Men"]
[Site "Guangzhou CHN"]
[Date "2010.11.19"]
[Round "2"]
[White "Al Qudaimi, Basheer"]
[Black "Al-Saffar, Araz Basim Mohammed S"]
[Result "1/2-1/2"]
[WhiteTitle "IM"]
[BlackTitle "IM"]
[WhiteElo "2406"]
[BlackElo "2349"]
[WhiteTeam "YEM"]
[BlackTeam "IRQ"]
[WhiteFideId "9400346"]
[BlackFideId "4801040"]
[EventDate "2010.11.18"]

1. e4 e5 2. Nf3 Nf6 3. Nxe5 d6 4. Nf3 Nxe4 5. Qe2 Qe7 6. d3 Nf6 7. Bg5 Nbd7 8.
Nc3 h6 9. Bxf6 Nxf6 10. Nb5 Nd5 11. d4 a6 12. Qxe7+ Bxe7 13. Bc4 axb5 14. Bxd5
c6 15. Be4 Bg4 16. h3 Bxf3 17. Bxf3 Bf6 18. c3 b4 19. Kd2 Kd7 20. Kd3 bxc3 21.
bxc3 Ra3 22. Rhb1 b5 23. Bd1 Rha8 24. Bb3 d5 25. f4 Bh4 26. Rf1 Re8 27. Rac1 Re4
28. Rf3 Bf6 29. Rc2 Kd6 30. Re2 Rxe2 31. Kxe2 Ra7 1/2-1/2

[Event "16th Asian Games Team Men"]
[Site "Guangzhou CHN"]
[Date "2010.11.19"]
[Round "2"]
[White "Al-Ali, Hussein Ali Hussein"]
[Black "Al-Zendani, Zendan"]
[Result "1/2-1/2"]
[WhiteTitle "FM"]
[BlackTitle "IM"]
[WhiteElo "2363"]
[BlackElo "2398"]
[WhiteTeam "IRQ"]
[BlackTeam "YEM"]
[WhiteFideId "4800192"]
[BlackFideId "9400249"]
[EventDate "2010.11.18"]

1. e4 c5 2. Nf3 d6 3. c3 Nf6 4. Bd3 g6 5. h3 Bg7 6. O-O O-O 7. Re1 Nc6 8. Bf1 e5
9. d4 cxd4 10. cxd4 exd4 11. Nxd4 Nxd4 12. Qxd4 Re8 13. Qd3 d5 14. e5 Ne4 15.
Nc3 Nxc3 16. Qxc3 d4 17. Qg3 Qb6 18. b3 Be6 19. Bd2 Rac8 20. Bd3 Bd5 21. f4 f5
22. Rac1 Rxc1 23. Rxc1 Be6 24. h4 Kf7 25. Qf3 Bf8 26. Be1 Ba3 27. Rc2 Rc8 28.
Rxc8 Bxc8 29. Bf2 Be6 30. h5 Bc1 31. hxg6+ hxg6 32. Qh3 Bxf4 33. Qh7+ Kf8 34.
Qh8+ Kf7 35. Qf6+ Ke8 36. Qxg6+ Bf7 37. Qxf5 Be3 38. Kf1 Bxf2 39. Kxf2 Qb4 40.
Qc8+ Ke7 41. Qc7+ Ke8 42. Qc2 Be6 43. Qc1 Qa5 44. Qf4 Qxa2+ 45. Kg1 Qxb3 46.
Bg6+ Ke7 47. Qh4+ Kd7 48. Qxd4+ Qd5 49. Qxa7 Qxe5 50. Qxb7+ Kd8 51. Qa8+ Ke7 52.
Qe8+ Kd6 53. Qd8+ Kc5 54. Qa5+ Kd6 55. Qd2+ Kc5 56. Qc1+ Kd6 57. Qd2+ Kc5 58.
Bd3 Qd4+ 59. Kf1 Kd6 60. Qe2 Bd5 61. Qd2 Ke7 62. Qg5+ Qf6+ 63. Qxf6+ Kxf6 1/2-1/2

[Event "16th Asian Games Team Men"]
[Site "Guangzhou CHN"]
[Date "2010.11.19"]
[Round "2"]
[White "Al-Hadarani, Hatim"]
[Black "Ahmed, Abdul Sattar Wahab"]
[Result "1-0"]
[WhiteTitle "FM"]
[BlackTitle "FM"]
[WhiteElo "2266"]
[BlackElo "2309"]
[WhiteTeam "YEM"]
[BlackTeam "IRQ"]
[WhiteFideId "9400273"]
[BlackFideId "4801849"]
[EventDate "2010.11.18"]

1. Nf3 Nf6 2. d4 g6 3. Bf4 Bg7 4. e3 O-O 5. Bd3 d5 6. Nbd2 c5 7. c3 Nc6 8. Ne5
Nxe5 9. Bxe5 Qb6 10. Rb1 Bg4 11. f3 Bd7 12. Qe2 Nh5 13. Bxg7 Nxg7 14. O-O Rae8
15. f4 Bf5 16. Nf3 f6 17. Kh1 Bxd3 18. Qxd3 Nf5 19. dxc5 Qxc5 20. e4 dxe4 21.
Qxe4 e5 22. fxe5 fxe5 23. Qxb7 e4 24. Ng5 Ng3+ 25. hxg3 Qxg5 26. Rxf8+ Rxf8 27.
Qxe4 Qxg3 28. Qd5+ Kg7 29. Qd4+ Kh6 30. Qd2+ g5 31. Kg1 Kh5 32. Re1 Rd8 33. Qe2+
g4 34. Qe6 Qf4 35. Re5+ 1-0

[Event "16th Asian Games Team Men"]
[Site "Guangzhou CHN"]
[Date "2010.11.19"]
[Round "2"]
[White "Lee, Sanghoon"]
[Black "Aboudi, Marwan"]
[Result "1-0"]
[WhiteTitle "CM"]
[WhiteElo "2132"]
[BlackElo "2196"]
[WhiteTeam "KOR"]
[BlackTeam "JOR"]
[WhiteFideId "13200011"]
[BlackFideId "8100160"]
[EventDate "2010.11.18"]

1. d4 d5 2. c4 e6 3. Nf3 Nf6 4. g3 Bb4+ 5. Bd2 Be7 6. Bg2 O-O 7. O-O c6 8. Bf4
b6 9. Qc2 Ba6 10. Nbd2 Nh5 11. Rfd1 Nxf4 12. gxf4 Nd7 13. Rac1 Rc8 14. e4 Nf6
15. Ne5 Nh5 16. f5 Nf4 17. Bf1 exf5 18. exd5 cxd5 19. Qxf5 Ne6 20. Ndf3 g6 21.
Qg4 f5 22. Qg3 Bb7 23. Re1 Ng7 24. cxd5 Rxc1 25. Rxc1 Bxd5 26. Nc6 Bd6 27. Nfe5
Qf6 28. Nd7 Bxg3 29. Nxf6+ Rxf6 30. Ne7+ Kf7 31. Nxd5 Kf8 32. Rc8+ 1-0

[Event "16th Asian Games Team Men"]
[Site "Guangzhou CHN"]
[Date "2010.11.19"]
[Round "2"]
[White "Ahmed, Al Khatib"]
[Black "Kim, Saebyeok"]
[Result "0-1"]
[WhiteElo "1976"]
[BlackElo "1906"]
[WhiteTeam "JOR"]
[BlackTeam "KOR"]
[WhiteFideId "8103178"]
[BlackFideId "13200518"]
[EventDate "2010.11.18"]

1. d4 d5 2. Nf3 Nf6 3. Bg5 Ne4 4. Bf4 c5 5. e3 Qb6 6. Nbd2 Nxd2 7. Nxd2 cxd4 8.
exd4 Qxd4 9. Bxb8 Rxb8 10. Bb5+ Bd7 11. Bxd7+ Kxd7 12. O-O e6 13. Qe2 Bd6 14.
Rfd1 Qxb2 15. Qd3 Qe5 16. Nf3 Qf4 17. Qb5+ Ke7 18. Rd4 Qf6 19. c4 dxc4 20. Rad1
Rhd8 21. Qa5 Rbc8 22. Qxa7 Rc7 23. Qb6 Rcd7 24. Qb5 c3 25. Qd3 g5 26. Qe4 g4 27.
Qxg4 c2 28. Rc1 Bxh2+ 29. Kxh2 Rxd4 30. Nxd4 Rxd4 31. Qg3 Qh6+ 0-1

[Event "16th Asian Games Team Men"]
[Site "Guangzhou CHN"]
[Date "2010.11.19"]
[Round "2"]
[White "Lee, Kiyul"]
[Black "Alshoha, Basel"]
[Result "1/2-1/2"]
[WhiteElo "1945"]
[BlackElo "2106"]
[WhiteTeam "KOR"]
[BlackTeam "JOR"]
[WhiteFideId "13200054"]
[BlackFideId "8101914"]
[EventDate "2010.11.18"]

1. e4 c5 2. Nf3 g6 3. c3 Bg7 4. d4 cxd4 5. cxd4 d5 6. exd5 Nf6 7. Bb5+ Nbd7 8.
d6 Ne4 9. dxe7 Qa5+ 10. Nc3 Nxc3 11. Bxd7+ Bxd7 12. bxc3 Qxc3+ 13. Bd2 Qd3 14.
Qb3 Qxb3 15. axb3 Bc6 16. Bb4 Bxf3 17. gxf3 Bxd4 18. O-O-O Be5 19. Rd5 f6 20.
Rhd1 Kf7 21. Rd8 Rc8+ 22. Kb1 Bc7 23. R1d7 Re8 24. Bc5 b6 25. Bd6 Bxd6 26. Rxc8
Rxc8 27. Rd8 Kxe7 28. Rxc8 Bxh2 29. Ra8 h5 30. Rxa7+ Ke6 31. Rb7 h4 32. Kc2 Bd6
33. Rxb6 h3 34. Rb7 h2 35. Rh7 Kd5 36. Kd3 Kc5 37. Ke4 g5 38. Kf5 Be5 39. f4
Bxf4 40. Kxf6 Kb4 41. Rh3 g4 42. Rh4 Kxb3 43. Kf5 g3 44. Rh3 Kc4 45. fxg3 Bxg3 1/2-1/2

[Event "16th Asian Games Team Men"]
[Site "Guangzhou CHN"]
[Date "2010.11.20"]
[Round "3"]
[White "Jumabayev, Rinat"]
[Black "Ganguly, Surya Shekhar"]
[Result "1/2-1/2"]
[WhiteTitle "GM"]
[BlackTitle "GM"]
[WhiteElo "2571"]
[BlackElo "2644"]
[WhiteTeam "KAZ"]
[BlackTeam "IND"]
[WhiteFideId "13702661"]
[BlackFideId "5002150"]
[EventDate "2010.11.18"]

1. d4 Nf6 2. c4 g6 3. Nc3 d5 4. Bg5 Bg7 5. Bxf6 Bxf6 6. cxd5 c6 7. Rc1 O-O 8.
dxc6 Qxd4 9. Qxd4 Bxd4 10. cxb7 Bxb7 11. Nf3 Bf6 12. g3 Nd7 13. Bg2 Rab8 14. Na4
Nb6 15. Nxb6 Bxb2 16. Rc2 Bxf3 17. Bxf3 Rxb6 18. O-O Be5 19. Rd1 Bd6 20. Rd5 Kg7
21. Ra5 Bb8 22. Bd5 Rd8 23. Bb3 h5 24. Kg2 Rbd6 25. Rb5 R6d7 26. e3 Bd6 27. Ba4
e6 28. Kf3 Rc7 29. Rxc7 Bxc7 30. Rb7 Bb6 31. Bd7 Kf6 32. h3 Ke7 33. Ba4+ Kf6 34.
g4 hxg4+ 35. hxg4 1/2-1/2

[Event "16th Asian Games Team Men"]
[Site "Guangzhou CHN"]
[Date "2010.11.20"]
[Round "3"]
[White "Gopal, Geetha Narayanan"]
[Black "Vladimirov, Yevgeniy"]
[Result "1-0"]
[WhiteTitle "GM"]
[BlackTitle "GM"]
[WhiteElo "2609"]
[BlackElo "2623"]
[WhiteTeam "IND"]
[BlackTeam "KAZ"]
[WhiteFideId "5015693"]
[BlackFideId "13700014"]
[EventDate "2010.11.18"]

1. e4 e5 2. Nf3 Nc6 3. Bb5 a6 4. Ba4 Nf6 5. O-O Be7 6. Re1 b5 7. Bb3 d6 8. c3
O-O 9. d4 Bg4 10. Be3 Bh5 11. Nbd2 d5 12. Qc1 exd4 13. cxd4 Nb4 14. e5 Ne4 15.
a3 Nd3 16. Qc6 Nxd2 17. Nxd2 Nxe1 18. Rxe1 Rb8 19. Rc1 Bg4 20. Bxd5 Rb6 21. Qxc7
Rb8 22. Qxd8 Rfxd8 23. Bb3 Rbc8 24. Rxc8 Rxc8 25. f3 Bd7 26. Ne4 a5 27. d5 a4
28. Bd1 f5 29. Nc3 Bxa3 30. Nxa4 bxa4 31. bxa3 Rb8 32. Kf2 Rb5 33. Be2 Rb2 34.
Bd4 Rd2 35. Ke3 Rc2 36. Bd3 Rxg2 37. e6 Bc8 38. Bb5 Rg1 39. Kf2 1-0

[Event "16th Asian Games Team Men"]
[Site "Guangzhou CHN"]
[Date "2010.11.20"]
[Round "3"]
[White "Kasimdzhanov, Rustam"]
[Black "Al-Modiahki, Mohamad"]
[Result "1/2-1/2"]
[WhiteTitle "GM"]
[BlackTitle "GM"]
[WhiteElo "2685"]
[BlackElo "2562"]
[WhiteTeam "UZB"]
[BlackTeam "QAT"]
[WhiteFideId "14200244"]
[BlackFideId "12100030"]
[EventDate "2010.11.18"]

1. c4 Nf6 2. Nc3 g6 3. g3 Bg7 4. Bg2 c5 5. e3 Nc6 6. Nge2 d6 7. d4 O-O 8. O-O
Bg4 9. h3 cxd4 10. exd4 Bxe2 11. Nxe2 d5 12. cxd5 Nxd5 13. Qb3 Nb6 14. d5 Na5
15. Qb5 Nac4 16. Rb1 Nd6 17. Qd3 Rc8 18. Bf4 Qd7 19. b3 Qf5 20. Qxf5 gxf5 21.
Bxd6 exd6 22. Rfc1 Rxc1+ 23. Rxc1 Rc8 24. Rxc8+ Nxc8 25. Kf1 Ne7 26. Ke1 Bb2 27.
Kd2 Ba3 28. Nf4 Ng6 29. Nh5 Bb2 30. g4 Be5 1/2-1/2

[Event "16th Asian Games Team Men"]
[Site "Guangzhou CHN"]
[Date "2010.11.20"]
[Round "3"]
[White "Barsov, Alexei"]
[Black "Nezad, Husein Aziz"]
[Result "1/2-1/2"]
[WhiteTitle "GM"]
[BlackTitle "IM"]
[WhiteElo "2507"]
[BlackElo "2402"]
[WhiteTeam "UZB"]
[BlackTeam "QAT"]
[WhiteFideId "14200082"]
[BlackFideId "12100293"]
[EventDate "2010.11.18"]

1. d4 d5 2. c4 e6 3. Nc3 c6 4. e3 Bd6 5. Qc2 f5 6. Bd3 Nf6 7. cxd5 cxd5 8. Nb5
Nc6 9. Nxd6+ Qxd6 10. Bd2 O-O 11. Nf3 Bd7 12. O-O Rac8 13. Qb3 Ne4 14. Rfd1 Be8
15. Be1 Bh5 16. Be2 Rf7 17. Rdc1 Rfc7 18. Qd1 h6 19. Rc2 Ng5 20. Rac1 Bxf3 21.
gxf3 f4 22. h4 Nh7 23. b4 Ne7 24. Rxc7 Rxc7 25. Bd3 Nf5 26. Rxc7 Qxc7 27. Qb1
Qf7 28. Bxf5 Qxf5 29. Qxf5 exf5 30. b5 Nf8 31. Kg2 Ne6 32. Bb4 Kf7 33. Bd6 Kg6
34. Be5 a6 35. bxa6 1/2-1/2

[Event "16th Asian Games Team Men"]
[Site "Guangzhou CHN"]
[Date "2010.11.20"]
[Round "3"]
[White "Al-Tamimi, Hamad"]
[Black "Khamrakulov, Dzhurabek"]
[Result "0-1"]
[BlackTitle "IM"]
[WhiteElo "2236"]
[BlackElo "2482"]
[WhiteTeam "QAT"]
[BlackTeam "UZB"]
[WhiteFideId "12100285"]
[BlackFideId "14201143"]
[EventDate "2010.11.18"]

1. e4 c5 2. Nf3 e6 3. c3 Nf6 4. e5 Nd5 5. Bc4 Nb6 6. Bb3 d5 7. exd6 Bxd6 8. O-O
Nc6 9. d4 O-O 10. Bg5 Qc7 11. dxc5 Bxc5 12. Nbd2 Be7 13. Bxe7 Nxe7 14. Qe2 Nbd5
15. Nc4 b6 16. Qe5 Bb7 17. Qxc7 Nxc7 18. Nfe5 Rfd8 19. Rad1 Ncd5 20. Rfe1 h5 21.
f3 Rac8 22. Ne3 Nxe3 23. Rxe3 Rxd1+ 24. Bxd1 Bd5 25. Bb3 f6 26. Nd3 e5 27. Nf2
Bxb3 28. axb3 Kf7 29. Rd3 Ke6 30. Ne4 Nd5 31. g3 h4 32. Kg2 Rd8 33. Kf2 Rh8 34.
Kg2 Nc7 35. Rd1 Ke7 36. Ra1 a6 37. Rd1 Ne6 38. b4 hxg3 39. hxg3 a5 40. b5 g6 41.
Rd2 Rc8 42. Kf1 f5 43. Nf2 Nc5 44. Ke1 Ke6 45. Kd1 Nb3 46. Re2 Rc5 47. Nd3 Rd5
48. Kc2 Rxd3 49. Kxd3 Nc1+ 50. Ke3 Nxe2 51. Kxe2 Kd5 52. b3 Kc5 53. c4 a4 54.
bxa4 Kxc4 55. g4 Kb4 56. gxf5 gxf5 57. Kd3 Kxa4 58. Kc4 e4 0-1

[Event "16th Asian Games Team Men"]
[Site "Guangzhou CHN"]
[Date "2010.11.20"]
[Round "3"]
[White "Antonio, Rogelio Jr"]
[Black "Minhazuddin, Ahmed"]
[Result "1-0"]
[WhiteTitle "GM"]
[BlackTitle "FM"]
[WhiteElo "2573"]
[BlackElo "2350"]
[WhiteTeam "PHI"]
[BlackTeam "BAN"]
[WhiteFideId "5200032"]
[BlackFideId "10201955"]
[EventDate "2010.11.18"]

1. e4 e5 2. Nf3 Nf6 3. Nc3 Bb4 4. Nxe5 O-O 5. Nd3 Bxc3 6. dxc3 Nxe4 7. Nf4 Re8
8. Be2 d6 9. O-O Nc6 10. c4 Bf5 11. f3 Nc5 12. Rf2 a5 13. Bf1 Rc8 14. a3 Qf6 15.
Nd5 Qd4 16. Be3 Qxd1 17. Rxd1 b6 18. Re2 Be6 19. Rde1 Kf8 20. b3 Ne7 21. Bd4
Bxd5 22. cxd5 Nf5 23. Ba1 Rxe2 24. Rxe2 Re8 25. Rxe8+ Kxe8 26. b4 axb4 27. axb4
Nd7 28. Kf2 f6 29. Bb5 Kd8 30. f4 Ne7 31. c4 Nb8 32. Bd4 Nf5 33. Bc3 Ne7 34. Kf3
c6 35. dxc6 Nbxc6 36. g4 Kc7 37. Ke4 Na7 38. Be8 Kd8 39. Ba4 Kc7 40. b5 Nac8 41.
Kd4 Kd7 42. Bc2 g6 43. Bb4 Ke6 44. Bb3 Kd7 45. Bd1 Ke6 46. Bf3 Kd7 47. h3 Ke6
48. Be1 Kd7 49. Bh4 Ke6 50. Bb7 Na7 51. Bf2 Nac8 52. Kd3 Kd7 53. Bd4 Ke6 54. Bf2
Kd7 55. Be3 Kc7 56. Bxc8 Nxc8 57. Ke4 Kd7 58. f5 Ke8 59. Bd4 Kf7 60. h4 gxf5+
61. gxf5 h5 62. Be3 Ke7 63. Kd5 Kd7 64. Bd4 Ne7+ 65. Ke4 d5+ 66. cxd5 Nc8 67.
Bxf6 Nd6+ 68. Kf4 Nxb5 69. Be5 Na3 70. f6 Nc4 71. Kf5 b5 72. Bc3 Ne3+ 73. Kg6
Nxd5 74. f7 Nf4+ 75. Kf6 Nd5+ 76. Kg7 Nf4 77. Bb4 Ne6+ 78. Kf6 1-0

[Event "16th Asian Games Team Men"]
[Site "Guangzhou CHN"]
[Date "2010.11.20"]
[Round "3"]
[White "Rahman, Ziaur"]
[Black "Gomez, John Paul"]
[Result "1/2-1/2"]
[WhiteTitle "GM"]
[BlackTitle "GM"]
[WhiteElo "2527"]
[BlackElo "2522"]
[WhiteTeam "BAN"]
[BlackTeam "PHI"]
[WhiteFideId "10200037"]
[BlackFideId "5201381"]
[EventDate "2010.11.18"]

1. d4 d5 2. Nf3 Nf6 3. c4 c6 4. e3 Bg4 5. Qb3 Qb6 6. Nc3 e6 7. Nh4 Bh5 8. h3 Be7
9. g4 Bg6 10. Nxg6 hxg6 11. Bg2 g5 12. Bd2 Nbd7 13. O-O-O Qxb3 14. axb3 Nb6 15.
e4 dxc4 16. bxc4 Nxc4 17. Bxg5 Nd5 18. Bxe7 Nxc3 19. bxc3 Kxe7 20. h4 f6 21. Bf1
Nd6 22. Bd3 e5 23. Kd2 b5 24. Ke3 a5 25. h5 a4 26. f4 a3 27. Ra1 Ra5 28. Ra2
exd4+ 29. cxd4 b4 30. Rb1 Rb8 31. e5 Ne8 32. Bc4 Nc7 33. exf6+ gxf6 34. h6 Kd6
35. Kf3 Nb5 36. Rxb4 Nxd4+ 37. Kg3 Rxb4 38. h7 Ra8 39. Bg8 Rb3+ 40. Bxb3 Nxb3
41. Rxa3 Rh8 42. Rxb3 1/2-1/2

[Event "16th Asian Games Team Men"]
[Site "Guangzhou CHN"]
[Date "2010.11.20"]
[Round "3"]
[White "Torre, Eugenio"]
[Black "Abu Sufian, Shakil"]
[Result "1/2-1/2"]
[WhiteTitle "GM"]
[BlackTitle "FM"]
[WhiteElo "2484"]
[BlackElo "2340"]
[WhiteTeam "PHI"]
[BlackTeam "BAN"]
[WhiteFideId "5200016"]
[BlackFideId "10200916"]
[EventDate "2010.11.18"]

1. e4 d5 2. exd5 Qxd5 3. Nf3 Bg4 4. Be2 Nc6 5. Nc3 Qf5 6. h3 Bxf3 7. Bxf3 Qe6+
8. Be2 Nd4 9. O-O Nxe2+ 10. Nxe2 O-O-O 11. d4 Nf6 12. Bf4 g5 13. Bh2 Rg8 14. c4
Nh5 15. d5 Qf6 16. Nc3 Nf4 17. Qa4 a6 18. Rad1 g4 19. Bxf4 Qxf4 20. c5 Qxa4 21.
Nxa4 gxh3 22. g3 Rg5 23. Nc3 Bg7 1/2-1/2

[Event "16th Asian Games Team Men"]
[Site "Guangzhou CHN"]
[Date "2010.11.20"]
[Round "3"]
[White "Al-Zendani, Zendan"]
[Black "Moradiabadi, Elshan"]
[Result "0-1"]
[WhiteTitle "IM"]
[BlackTitle "GM"]
[WhiteElo "2398"]
[BlackElo "2575"]
[WhiteTeam "YEM"]
[BlackTeam "IRI"]
[WhiteFideId "9400249"]
[BlackFideId "12501255"]
[EventDate "2010.11.18"]

1. d4 Nf6 2. c4 e6 3. Nf3 d5 4. Bg5 dxc4 5. Qa4+ Nbd7 6. Nc3 a6 7. Bxf6 gxf6 8.
Qxc4 b5 9. Qd3 Bb7 10. g3 c5 11. Bg2 Bg7 12. O-O cxd4 13. Qxd4 O-O 14. Rfd1 Nb6
15. Qc5 Rc8 16. Rxd8 Rxc5 17. Rxf8+ Kxf8 18. Ne1 Bxg2 19. Kxg2 f5 20. Nd3 Rc8
21. Nd1 Rc2 22. Kf1 Nc4 23. a4 Nd2+ 24. Kg2 Nb3 25. Ra3 bxa4 26. Kf1 Rc4 27. Ne3
Re4 28. Nc2 Bh6 29. f4 Bg7 30. Ke1 Ke8 31. Kd1 a5 32. Na1 Bf8 33. Ra2 Nc5 34.
Nxc5 Bxc5 35. b3 Bg1 36. e3 Rxe3 37. bxa4 Rf3 38. Nc2 Rf2 39. h4 Rg2 40. Ra3 Bf2
41. Rb3 Bxg3 42. Rb5 Bxf4 43. Na3 Ra2 0-1

[Event "16th Asian Games Team Men"]
[Site "Guangzhou CHN"]
[Date "2010.11.20"]
[Round "3"]
[White "Mahjoob, Morteza"]
[Black "Al-Hadarani, Hatim"]
[Result "1-0"]
[WhiteTitle "GM"]
[BlackTitle "FM"]
[WhiteElo "2514"]
[BlackElo "2266"]
[WhiteTeam "IRI"]
[BlackTeam "YEM"]
[WhiteFideId "12500798"]
[BlackFideId "9400273"]
[EventDate "2010.11.18"]

1. d4 Nf6 2. c4 e6 3. g3 d5 4. Nf3 Nbd7 5. Bg2 a6 6. O-O dxc4 7. Qc2 c5 8. Na3
cxd4 9. Nxc4 Bc5 10. Rd1 O-O 11. Nxd4 Qe7 12. a3 Ng4 13. e3 Kh8 14. b4 Ba7 15.
Bb2 f5 16. Nf3 e5 17. h3 e4 18. Nh4 Nge5 19. Nd6 Qe6 20. Qc3 Kg8 21. Rac1 g5 22.
Nhxf5 Rxf5 23. Bxe4 Rf7 24. Nxf7 1-0